000 00970cam a22002531 4500
001 sd 63000013
003 DLC
005 20260227112736.0
008 771007s1963 dcu f000 0 eng c
010 _asd 63000013
035 _a(OCoLC)3323827
040 _aU. S. Dept. of State
_cMH
_dOCoLC
_dDLC
042 _apremarc
050 0 0 _aD844
_b.K493
100 1 _aKennedy, John F.
_q(John Fitzgerald),
_d1917-1963
245 1 0 _aNew opportunities in the search for peace;
_b[address made before the United Nations General Assembly, September 20, 1963.
260 _aWashington]
_bDept. of State; [for sale by the Superintendent of Documents, U.S. Govt. Print. Off.,
_c1963]
300 _a20 p.
_c19 cm.
490 1 _aDepartment of State publication 7595. General foreign policy series,
_v189
500 _aCover title.
650 0 _aWorld politics
_y1955-1965.
650 0 _aPeace.
830 0 _aDepartment of State publication.
_pGeneral foreign policy series ;
_v189.
999 _c90093
_d90093